| 000 | 01011nam a2200301 a 4500 | ||
|---|---|---|---|
| 001 | 42173 | ||
| 003 | (BD-RJUL) | ||
| 005 | 20211209053513.0 | ||
| 008 | 160611s1980 dcu b 001 0 eng d | ||
| 020 | _a0871871963 | ||
| 035 |
_aoxf990014742 _a(BD-RJUL) 42291 |
||
| 040 |
_aDLC _cDLC _beng _d(BD-RJUL) |
||
| 041 | _aeng | ||
| 082 |
_a353.0372 _219 _bCRI 1980 |
||
| 100 | 1 |
_aCrabb, Cecil Van Meter, _d1924- _9129698 |
|
| 245 | 1 | 0 |
_aInvitation to struggle : _bCongress, the president, and foreign policy / _cCecil V. Crabb, Jr., Pat M. Holt |
| 260 |
_aWashington, D.C : _bCQ Press, _cc1980. |
||
| 300 |
_axiii, 234 p. ; _c23 cm. |
||
| 500 | _aIncludes index. | ||
| 504 | _aBibliography: p. 261-267. | ||
| 610 | 1 | 0 |
_aUnited States. _bCongress. _9129707 |
| 650 | 0 |
_aPresidents _zUnited States _9129700 |
|
| 651 | 0 |
_aUnited States _xForeign relations _y1945-1989 _9129701 |
|
| 700 | 1 |
_aHolt, Pat M. _9129702 |
|
| 830 | 0 |
_aPolitics and public policy series _9129703 |
|
| 942 |
_2ddc _cBK |
||
| 999 |
_c42173 _d42173 |
||